|
|
|
|
| LEADER |
00000nab a2200000ua 4500 |
| 001 |
vtls010781072 |
| 003 |
SK-MaSNL |
| 005 |
20260303180837.0 |
| 008 |
230629s2008 xo |||||||||||||||||eng| |
| 035 |
|
|
|a (urnnbn)urn:nbn:sk:snk:ar-a04hbq
|
| 035 |
|
|
|a (uuid)d50347eb-a600-482a-bfed-b3f795dfe5ac
|
| 035 |
|
|
|a urn:nbn:sk:snk-ab4ske
|
| 040 |
|
|
|a SNKBUCL
|b slo
|c SNKBUCL
|e AACR2
|
| 041 |
0 |
|
|a eng
|
| 044 |
|
|
|a xo
|c SK
|
| 100 |
1 |
|
|a Krajčovič, J.
|4 aut
|9 643526
|
| 245 |
1 |
0 |
|a HIDDEN MARKOV MODELS IN SPEECH RECOGNITION
|c J. Krajčovič, Ľ. Muzikářová, M. Hrnčár
|
| 700 |
1 |
|
|a Muzikářová, Ludmila,
|d 1948-
|4 aut
|9 8904
|
| 700 |
1 |
|
|a Hrnčár, M.
|4 aut
|9 1174532
|
| 773 |
0 |
|
|t Advances in electrical and electronic engineering
|g Roč. 7, č. 1-2 (2008), s. 250-252
|
| 958 |
|
|
|a OND
|
| 958 |
|
|
|a EUIPO
|
| 958 |
|
|
|a article3
|
| 999 |
|
|
|c 2107812
|d 2109742
|